[Event "Morbihan-ch 1011"]
[Site "Morbihan"]
[Date "2011.01.08"]
[Round "4.18"]
[White "Le Fort, Joel"]
[Black "Le Borgne, Christian"]
[Result "1-0"]
[WhiteElo "1499"]
[BlackElo "1400"]
[PlyCount "83"]
[EventDate "2010.10.09"]
[EventType "swiss"]
[EventRounds "7"]
[EventCountry "FRA"]
[SourceTitle "EXT 2014"]
[Source "ChessBase"]
[SourceDate "2013.11.20"]
[SourceVersion "1"]
[SourceVersionDate "2013.11.20"]
[SourceQuality "1"]

1. e4 e5 2. Nf3 Nc6 3. d4 f6 4. Bb5 a6 5. Bxc6 dxc6 6. 0-0 Bg4 7. Be3 Bd6 8. h3 Be6 9. Nc3 Qd7 10. dxe5 fxe5 11. Nxe5 Bxe5 12. Qh5+ Qf7 13. Qxe5 Nf6 14. Bg5 0-0 15. Bxf6 Qxf6 16. Qxf6 Rxf6 17. Rad1 Rh6 18. Rd2 Rg6 19. g4 h5 20. f4 Bc4 21. f5 Bxf1 22. fxg6 Bxh3 23. gxh5 Bg4 24. Rh2 Re8 25. Kf2 Re5 26. h6 gxh6 27. Rxh6 Re6 28. Ke3 Rf6 29. Rh7 Rf3+ 30. Kd4 Rf2 31. Re7 Rxc2 32. Re8+ Kg7 33. Re7+ Kxg6 34. b4 Rb2 35. Kc4 b5+ 36. Kd4 Rxb4+ 37. Ke3 Rb2 38. Rxc7 b4 39. Rxc6+ Kg5 40. Nd5 a5 41. Rc5 Rxa2 42. Nc3+ 1-0

[Event "Morbihan-ch 0910"]
[Site "Morbihan"]
[Date "2010.04.24"]
[Round "7.19"]
[White "Eraud, Julien"]
[Black "Le Fort, Joel"]
[Result "1-0"]
[WhiteElo "1199"]
[BlackElo "1499"]
[PlyCount "105"]
[EventDate "2009.10.10"]
[EventType "swiss"]
[EventRounds "7"]
[EventCountry "FRA"]
[SourceTitle "EXT 2014"]
[Source "ChessBase"]
[SourceDate "2013.11.20"]
[SourceVersion "1"]
[SourceVersionDate "2013.11.20"]
[SourceQuality "1"]

1. d4 d5 2. e3 e6 3. Nf3 c5 4. Ne5 f6 5. Bb5+ Bd7 6. Nxd7 Nxd7 7. Qg4 Qa5+ 8. Nc3 f5 9. Qg3 cxd4 10. exd4 g6 11. Qe5 Qxb5 12. Qxe6+ Ne7 13. Nxb5 Rc8 14. Bg5 Kd8 15. Nd6 Kc7 16. Nxc8 Nxc8 17. Bf6 Nxf6 18. Qxf6 Bb4+ 19. c3 Rf8 20. Qg7+ Be7 21. 0-0 Kd7 22. Rfe1 Re8 23. Re5 Kd6 24. Qf7 Kd7 25. Qe6+ Kd8 26. Qxd5+ Nd6 27. Rae1 b6 28. Rxe7 Rxe7 29. Qxd6+ Rd7 30. Qxd7+ Kxd7 31. f3 Kd6 32. g4 f4 33. Re4 g5 34. h4 h6 35. hxg5 hxg5 36. Re5 a5 37. Rxg5 Ke6 38. Rg6+ Kd5 39. Rxb6 Kc4 40. g5 Kd3 41. Kf2 Kc2 42. g6 a4 43. Ra6 Kxb2 44. g7 a3 45. g8Q Kxc3 46. Qg4 Kb2 47. Rxa3 Kxa3 48. Ke2 Kb2 49. Qc8 Kxa2 50. Qb7 Ka3 51. Kd3 Ka4 52. Kc4 Ka5 53. Qb5# 1-0

[Event "Morbihan-ch 0910"]
[Site "Morbihan"]
[Date "2009.11.07"]
[Round "2.23"]
[White "Le Fort, Joel"]
[Black "Maroufi, Amirvala"]
[Result "1-0"]
[WhiteElo "1499"]
[BlackElo "1210"]
[PlyCount "81"]
[EventDate "2009.10.10"]
[EventType "swiss"]
[EventRounds "7"]
[EventCountry "FRA"]
[SourceTitle "EXT 2014"]
[Source "ChessBase"]
[SourceDate "2013.11.20"]
[SourceVersion "1"]
[SourceVersionDate "2013.11.20"]
[SourceQuality "1"]

1. e4 d5 2. exd5 Qxd5 3. Nc3 Qe6+ 4. Qe2 Qd7 5. Nf3 Nf6 6. d4 Na6 7. Bg5 h6 8. Bxf6 gxf6 9. 0-0-0 h5 10. Ne4 Bh6+ 11. Kb1 Qc6 12. Qc4 Be6 13. Qxc6+ bxc6 14. Bxa6 Rb8 15. h3 Rb6 16. Bd3 a6 17. Nc5 Bc8 18. g4 h4 19. Nxh4 Bg5 20. Nf3 Bf4 21. Bf5 e6 22. Bd3 a5 23. Ne4 f5 24. gxf5 exf5 25. Nc5 f6 26. Rde1+ Kf7 27. Bc4+ Kg7 28. Ne6+ Kh6 29. Nxf4 Kg7 30. Ne6+ Kh6 31. Nxc7 Rh7 32. Ne6 f4 33. Nxf4 Rg7 34. Rhg1 a4 35. a3 Rgb7 36. Rg6+ Kh7 37. b3 axb3 38. cxb3 Kh8 39. Re8+ Kh7 40. Rxc8 f5 41. Ng5# 1-0